<?xml version="1.0" encoding="UTF-8"?>
<record
    xmlns:xsi="http://www.w3.org/2001/XMLSchema-instance"
    xsi:schemaLocation="http://www.loc.gov/MARC21/slim http://www.loc.gov/standards/marcxml/schema/MARC21slim.xsd"
    xmlns="http://www.loc.gov/MARC21/slim">

  <leader>01285nam a22001937a 4500</leader>
  <controlfield tag="005">20240508143202.0</controlfield>
  <controlfield tag="008">240502b        |||||||| |||| 00| 0 eng d</controlfield>
  <datafield tag="020" ind1=" " ind2=" ">
    <subfield code="a">9780230636590</subfield>
  </datafield>
  <datafield tag="041" ind1=" " ind2=" ">
    <subfield code="a">English</subfield>
  </datafield>
  <datafield tag="082" ind1=" " ind2=" ">
    <subfield code="a">001.4</subfield>
    <subfield code="b">SHA</subfield>
  </datafield>
  <datafield tag="100" ind1=" " ind2=" ">
    <subfield code="a">Sharma J. K.</subfield>
    <subfield code="9">108162</subfield>
  </datafield>
  <datafield tag="245" ind1=" " ind2=" ">
    <subfield code="a">Operations Research : Problems and Solutions</subfield>
  </datafield>
  <datafield tag="250" ind1=" " ind2=" ">
    <subfield code="a">3rd</subfield>
  </datafield>
  <datafield tag="260" ind1=" " ind2=" ">
    <subfield code="a">Mumbai</subfield>
    <subfield code="b">MacMillan</subfield>
    <subfield code="c">2009</subfield>
  </datafield>
  <datafield tag="300" ind1=" " ind2=" ">
    <subfield code="a">894</subfield>
  </datafield>
  <datafield tag="520" ind1=" " ind2=" ">
    <subfield code="a">1.	Operations Research: An Introduction
2.	Linear Programming: Model Formulation 
3.	Linear Programming: Graphical Solution Method 
4.	Linear Programming: Simplex Method 
5.	Revised Simplex Method 
6.	Dual Simplex Method 
7.	Bounded Variables LP Problems 
8.	Duality in Linear Programming 
9.	Sensitivity Analysis 
10.	Parametric Linear Programming 
11.	Integer Linear Programming 
12.	Goal Programming 
13.	Transportation Problem 
14.	Assignment Problem 
15.	Decision Theory and Decision Tree Analysis 
16.	Theory of Games 
17.	Project Management: PERT and CPM 
18.	Inventory Control 
19.	Queuing Theory 
20.	Replacement and Maintenance Models 
21.	Markov Chains 
22.	Simulation 
23.	Sequencing Problem 
24.	Information Theory 
25.	Dynamic Programming 
26.	Non-Linear Programming Methods 

</subfield>
  </datafield>
  <datafield tag="650" ind1=" " ind2=" ">
    <subfield code="a">Research</subfield>
    <subfield code="9">119079</subfield>
  </datafield>
  <datafield tag="942" ind1=" " ind2=" ">
    <subfield code="c">DB</subfield>
  </datafield>
  <datafield tag="999" ind1=" " ind2=" ">
    <subfield code="c">357850</subfield>
    <subfield code="d">357850</subfield>
  </datafield>
  <datafield tag="952" ind1=" " ind2=" ">
    <subfield code="0">0</subfield>
    <subfield code="1">0</subfield>
    <subfield code="2">ddc</subfield>
    <subfield code="4">0</subfield>
    <subfield code="7">0</subfield>
    <subfield code="a">SOFT</subfield>
    <subfield code="b">SOFT</subfield>
    <subfield code="d">2024-03-22</subfield>
    <subfield code="o">001.4 SHA</subfield>
    <subfield code="p">SOFT-BK-D92</subfield>
    <subfield code="r">2024-05-02 00:00:00</subfield>
    <subfield code="v">425.00</subfield>
    <subfield code="y">DB</subfield>
    <subfield code="z">D92</subfield>
  </datafield>
</record>
